000
00311nam a2200109Ia 4500
008
171211s9999 xx 000 0 und d
245
_a
Jam Today: A Diary of Cooking With What You've Got
245
_c
Tod Davies
260
_c
2009
650
_x
COOKBOOKS
856
_u
http://down.ebook777.com/062/1935259040.pdf
999
_c
348163
_d
348163